Name that Sport - Statistics

General Stats
  • This quiz has been taken 1,057 times
  • The average score is 13 of 15
Answer Stats
Picture Answer % Correct
Tennis
100%
American Football
99%
Basketball
99%
Football
99%
Ice Hockey
99%
Baseball
96%
Rugby
93%
Table Tennis
89%
Badminton
88%
Water Polo
86%
Field Hockey
84%
Cricket
78%
Squash
73%
Taekwondo
69%
Australian Rules Football
36%
No matching quizzes found
Score Distribution
Percent of People with Each Score
Percentile by Number Answered
Your Score History
You have not taken this quiz